1603 1083 1947 1995 1955 1791 1255 1755 1422 1251 1435 1611 1048 1949 1998 1707 1945 1723 1256 1701 1314 1611 1853 1032 1801 1004 1386 1260 1244 1862 1100 1842 1358 1936 1283 1825 1128 1167 1801 1256 1485 1836 1877 1306 1304 1362 1736 1450 1769 1708 1021 1649 1969 1131 1016 1370 1648 1373 1301 1645 1847 1009 1210 1676 1844 1030 1917 1015 1495 1654 1535 1013 1229 1708 1065 1135 1360 1494 1605 1549 1555 1314 1258 1357 1477 1264 1035 1194 1664 1796 1255 1642 1076 1186 1306 1129 1315 1333 1774 BCNSPRNW ULIB Ver.6.0+V

เปลี่ยนเป็นภาษาไทย

Change to English
 แสดงรายละเอียดบรรณานุกรม
  กลับหน้าหลัก

Brief Record : Get Marc (ISO 2709) : E-mail record : QR code < ปิดหน้าต่าง
LEADER : 00000nam 2200000uu 4500
001    13399121290
003     ULIB
008    121114s2548||||th 000 0 tha d
020    ^a9746456393 (ล.1)
050 04 ^aPL4163^bส719ภ ล.1 2548
110 1  ^aมหาวิทยาลัยสุโขทัยธรรมาธิราช
245 10 ^aประมวลสาระชุดวิชา ภาษาไทยเพื่อการสื่อสาร หน่วยที่ 1-7/^cมหาวิทยาลัยสุโขทัยธรรมาธิราช
246 30 ^aภาษาไทยเพื่อการสื่อสาร
250    ^aพิมพ์ครั้งที่ 3
260    ^aนนทบุรี :^bมหาวิทยาลัยสุโขทัยธรรมาธิราช,^c2548
300    ^a2 เล่ม ;^c30 ซม
500    ^aล.1 : หน่วยที่ 1-7 -- ล.2 : หน่วยที่ 8-15
505 2  ^aล.1 : การสื่อสารด้วยภาษา -- ความคิดกับภาษา --หลักการใช้คำเพื่อการสื่อสาร -- การรับสารอย่างมีวิจารณญาณ -- ปัญหาการใช้ภาษา -- การพัฒนาทักษะภาษา -- ล.2 : การอธิบายและการชี้แจง -- การแสดงความคิดเห็น -- การเจรจาต่อรอง --การปลอบใจ -- การโน้มน้าวใจ -- การวางแผนและการนำเสนอ -- การรายงาน -- หนังสือโต้ตอบ
650  7 ^aการสื่อสาร
650  7 ^aการสื่อสารทางภาษา
650  7 ^aการเขียน
700 0  ^aศักดา ปั้นเหน่งเพ็ชร์
710 2  ^aมหาวิทยาลัยสุโขทัยธรรมาธิราช สาขาศิลปศาสตร์
945    ^p0^l0^i24450
995    ^aกัณชพร
999 ^a กัณชพร
รายการนี้ยังไม่มีแท็ก
คุณยังไม่ได้ล็อกอิน คุณสามารถมีกิจกรรมร่วมกับเว็บไซต์ได้ แต่ต้องล็อกอินก่อน ::
  ล็อกอิน

รายการสื่อสารสนเทศ

ลำดับที่ ประเภท เลขเรียก/บาร์โค้ด สถานที่ สถานะ
1. วิทยาศาสตร์การแพทย์ และสุขภาพ
วิทยาศาสตร์การแพทย์ และสุขภาพ
PL4163 ส719ภ ล.1 2548  
  Barcode: 24450
ห้องสมุดวิทยาเขตสวรรค์ประชารักษ์
►หนังสือทั่วไป
บนชั้น

รายการใกล้เคียง
    หัวเรื่อง [การสื่อสาร]
    หัวเรื่อง [การสื่อสารทางภาษา]
    หัวเรื่อง [การเขียน]

BibComment


ยังไม่เคยถูกคอมเมนท์

คอมเมนท์ทรัพยากรรายการนี้
  คอมเมนท์: ประมวลสาระชุดวิช..


 Copyright 2026. Bcnsprnw @Library